Responses for show #2086 - Monday, October 4, 1993

Contestants

[<< previous game]

Laura Jacobsson, a waitress from Chicago, Illinois

Matthew Seelinger, a legislative assistant originally from Falls Church, Virginia

Barry Kerman, an ophthalmologist from Woodland Hills, California (whose 1-day cash winnings total $2,799)

[next game >>]

Jeopardy! Round responses

NATIONAL PARKS
THE MOVIES
GEMS
PRESIDENTIAL QUOTES
ALICE IN WONDERLAND
POTPOURRI
    $100 22
Alaska

Laura
    $100 10
Casablanca

Matthew
    $100 13
green

Matthew
    $100 6
John Adams

Matthew
    $100 19
cats

Laura
    $100 1
coffee

Laura
    $200 23
Rio Grande

Barry
    $200 11
Creature from the Black Lagoon

Matthew
    $200 14
amber

Matthew
    $200 7
Ulysses S. Grant

Laura
    $200 20
mushroom

Triple Stumper
    $200 2
(Laura: What are trains?)

little cable cars

BarryLaura
    $300 26
Yellowstone

Matthew
    $300 16
Frank Sinatra

Laura
    $300 15
(Matthew: What is blue?)

August

MatthewLaura
    $300 8
Teddy Roosevelt

Matthew
    $300 21
(Alex: It's been a while since we read Alice in Wonderland or Alice Through the Looking Glass.)
(Laura: NATIONAL PARKS for $100.)
[Laughter]

watch

Triple Stumper
    $300 3
nuclear-powered submarine

Barry
    $1,500 27
Everglades

Matthew
    $400 17
Andy Hardy

Triple Stumper
    $400 24
diamond

Matthew
    $400 9
Barry Goldwater

Barry
    $400 29
playing cards

Barry
    $400 4
(Laura: What is [*] white?)
(Alex: [*], yes.)

bone

Laura
    $500 28
American Samoa

Matthew
    $500 18
High Society

Triple Stumper
    $500 25
aquamarine

Laura
    $500 12
Herbert Hoover

Matthew
    $500 30
Mock Turtle

Triple Stumper
    $500 5
Baryshnikov

Matthew

Scores at the first commercial break (after clue 15):

Barry Matthew Laura
$900 $1,700 $800

Scores at the end of the Jeopardy! Round:

Barry Matthew Laura
$1,500 $4,400 $1,800

Double Jeopardy! Round responses

ANCIENT HISTORY
ART
BLACK AMERICA
THE CONSTITUTION
LANGUAGES
PULITZER PRIZE PLAYS
    $200 1
Colossus of Rhodes

Barry
    $200 6
Los Angeles

Barry
    $200 14
Gladys Knight

Barry
    $200 10
treason

Barry
    $200 15
Spanish

Triple Stumper
    $200 21
Death of a Salesman

Barry
    $400 2
Alexander the Great

Barry
    $400 7
Mexico

Barry
    $400 19
Greyhound

Matthew
    $400 11
(Barry: Who is James Madison?)

George Washington

Barry
Triple Stumper
    $400 16
Italian

Matthew
    $400 22
(Alex: Yes, and we have about a minute to go in the round.)

New York

Laura
    $600 3
Hadrian's Wall

Matthew
    $600 8
Winged Victory

Barry
    $600 20
glaucoma

Laura
    $600 12
3/4s

Matthew
    $600 25
Pilipino

Triple Stumper
    $600 23
Laurence Olivier

Laura
    $800 4
Peloponnesian League

Matthew
    $1,500 9
(Barry: ...Who is...Marcel Duchamp?)

Edvard Munch

Barry
    $800 26
(Matthew: What is Wyoming?)
(Laura: What is Nebraska?)

Illinois

MatthewLaura
Triple Stumper
    $2,500 17
(Matthew: ...What is pledge?)

affirm

Matthew
    $800 24
A Streetcar Named Desire

Matthew
    $1000 5
Switzerland

Triple Stumper
    $1000 13
Claes Oldenburg

Triple Stumper
    $1000 27
[The end-of-round signal sounds.]

Angela Davis

Laura
    $1000 18
(Laura: What is representation?)

republican

Laura
Triple Stumper

Scores at the end of the Double Jeopardy! Round:

Barry Matthew Laura
$2,000 $4,700 $2,600

[wagering suggestions for these scores]

Final Jeopardy! Round responses

EXPLORERS
BarryWho was Amundsen?
$1,999
LauraWho is?
$2,599
MatthewWho is Amundsen Hayordahl
$501
(Thor) Heyerdahl

Final scores:

Barry Matthew Laura
$1 $5,201 $1
3rd place: Bausch & Lomb binoculars + Wheel of Fortune & Jeopardy! for SNES & Sega Genesis New champion: $5,201 2nd place: General Instrument satellite TV system & Samsung 27" color TV

Game dynamics:

Coryat scores:

Barry Matthew Laura
$3,500 $6,100 $2,600
13 R,
2 W
(including 1 DD)
18 R
(including 1 DD),
3 W
(including 1 DD)
12 R,
3 W

Combined Coryat: $12,200

The J! Archive is created by fans, for fans. Scraping, republication, monetization, and malicious use prohibited; this site may use cookies and collect identifying information. See terms. The Jeopardy! game show and all elements thereof, including but not limited to copyright and trademark thereto, are the property of Jeopardy Productions, Inc. and are protected under law. This website is not affiliated with, sponsored by, or operated by Jeopardy Productions, Inc. Join the discussion at JBoard.tv.